000 00811nam a22002417a 4500
999 _c589
_d589
003 OSt
005 20200525101928.0
008 200525b ||||| |||| 00| 0 eng d
020 _a002642102x
020 _a0026421003
020 _a0026421119
020 _a0026421062
020 _a0026421054
040 _aKABLIB
_cKABLIB
_dKABLIB
082 _223
_a782.5
_bSOM
240 _achoral literature for treble ensemble /
245 _aSomething New to Sing About Level 1 :
_bchoral literature for treble ensemble /
_cDeveloped by G. Schirmer, Inc., Will Schmid, Project Editor.
260 _aMission Hills, California :
_bGlencoe Publishing Co.;
_cc1989.
300 _a172 p. :
_bill. (B&W) ;
_c27 cm.
700 _aSchmid, Will (Project Editor)
_92002
710 _aG. Schirmer, Inc.
_92001
942 _2ddc
_cBOOK